Представление документа в формате MARC21

Поле Инд. ПП Название Значение
Тип записи a
Библиографический уровень m
001 _ Контрольный номер RU/URAIT/474508
005 _ Дата корректировки 20250915104105.7
008 Кодируемые данные 181011s2021 RU y f j 000 0 rus u
020 a ISBN 978-5-534-09847-1
c Цена, тираж 1109.00
040 a Служба первич. каталог. ИКО Юрайт
c Служба, преобразующая запись ИКО Юрайт
e Правила каталог. RCR
041 a Код языка текста rus
044 a Код страны публикации RU
080 a Индекс УДК 33(075.8)
084 2 Источник индекса rubbk
a Индекс другой классификации/Индекс ББК 65.5я73
100 1_ a Автор Хасбулатов Руслан Имранович
q Полное имя Руслан Имранович
245 a Заглавие Международные экономические отношения в 3 ч. Часть 2
b Продолж. заглавия Учебник для вузов
c Ответственность Хасбулатов Р. И.
250 g пер. и доп
a Основные сведения об издании 3-е изд.
256 a Характеристики компьютерного файла Электрон. дан.
260 a Место издания Москва
b Издательство Юрайт
c Дата издания 2021
300 a Объем 358 с
440 a Серия Высшее образование
500 a Примечание URL: https://urait.ru/bcode/474508 (дата обращения: 23.11.2021).
520 a Аннотация Учебник содержит богатейший теоретический и фактический материал по международным экономическим отношениям, их динамике в кризисный и посткризисный периоды. Автор использовал актуальные данные ЮНКТАД, доклады ООН, корпоративную статистику. Учебник написан живым, доступным языком, содержит большое количество таблиц, оригинальных авторских схем и диаграмм, иллюстрирующих материал. Студенты оценят тот факт, что каждая глава учебника снабжена кратким резюме, что позволяет быстро повторить основы пройденного. Преподавателям будет удобно воспользоваться списком контрольных вопросов к каждой главе и темами рефератов.
538 a Прим. о системных особенностях Режим доступа: Электронно-библиотечная система Юрайт, для авториз. пользователей
653 a Ключевые слова Мировая экономика. Внешняя торговля. Таможенное дело
653 a Ключевые слова Экономика и управление
653 a Ключевые слова Мировая экономика и международные экономические отношения
653 a Ключевые слова Международные экономические отношения
653 a Ключевые слова Мировая экономика
653 a Ключевые слова Международные валютно-финансовые отношения
653 a Ключевые слова Международные корпорации в мировой экономике
653 a Ключевые слова Введение в мировую экономику
653 a Ключевые слова Мировая экономика и МЭО
653 a Ключевые слова Основы мировой экономики
856 40 u URL https://urait.ru/bcode/474508
x Примечание для ЭОР https://urait.ru/book/cover/1C97F78D-A10F-40A7-9FE8-E7432619CB63
z Примечание для пользователя Участвует в КО
856 41 u URL https://urait.ru/book/cover/1C97F78D-A10F-40A7-9FE8-E7432619CB63